[Event "78th ARM-ch Highest League 2018"]
[Site "Yerevan"]
[Date "2018.01.21"]
[Round "10"]
[White "Grigoryan, Karen H"]
[Black "Petrosian, Tigran L"]
[Result "1/2-1/2"]
[WhiteElo "2581"]
[BlackElo "2606"]
[Annotator "TA"]
[PlyCount "36"]
[EventDate "2018.??.??"]
[EventType "tourn"]
[EventCountry "ARM"]
[SourceTitle "playchess.com"]
[Source "ChessBase"]
[SourceQuality "1"]

{[%evp 25,27,-21,-12,-24]} 1. Nf3 d5 2. g3 Nf6 3. Bg2 c6 4. O-O Bg4 5. d3 Nbd7 6. Nbd2 e5 7. e4 dxe4 8. dxe4 Bc5 9. h3 Bh5 10. Qe1 O-O 11. b3 {A07: Réti Opening: New York and Capablanca Systems} (11. a4 Qc7 12. Nb3 Be7 13. Nh4 Rfe8 14. Be3 Bf8 15. g4 Bg6 16. Nf5 a5 17. Qe2 Nb6 18. Ng3 Nfd7 {1-0 (59) Svidler,P (2759)-Bok,B (2613) Biel 2016}) 11... a5 12. a3 Re8 13. Bb2 Qc7 {LiveBook: 3 Games} 14. Nh4 {[#]} {Predecessor:} Nf8 $146 15. Nc4 N6d7 16. b4 axb4 17. axb4 Rxa1 18. Bxa1 Ba7 {1-0 (84) Stefanova,A (2545)-Koneru,H (2614) Moscow 2010} 1/2-1/2

[Event "78th ARM-ch Highest League 2018"]
[Site "Yerevan"]
[Date "2018.01.21"]
[Round "10"]
[White "Pashikian, Arman"]
[Black "Ter-Sahakyan, Samvel"]
[Result "1/2-1/2"]
[WhiteElo "2578"]
[BlackElo "2563"]
[Annotator "TA"]
[PlyCount "62"]
[EventDate "2018.??.??"]
[EventType "tourn"]
[EventCountry "ARM"]
[SourceTitle "playchess.com"]
[Source "ChessBase"]
[SourceQuality "1"]

{[%evp 9,62,31,35,20,20,20,22,22,19,25,26,26,32,9,12,12,25,8,4,0,0,0,21,21,21,21,33,20,41,36,36,36,29,28,33,20,26,27,36,46,83,6,6,6,6,6,18,7,6,6,6,6,11,8,13]} 1. d4 d5 2. Nf3 Nf6 3. c4 c6 4. Nc3 a6 5. e3 Bf5 6. Bd3 {D15: Slav Defence: 4 Nc3 a6 and gambit lines after 4 Nc3 dxc4} (6. c5 {looks sharper.} h6 7. b4 Nbd7 8. Be2 e6 9. O-O) 6... Bxd3 7. Qxd3 e6 8. O-O Bb4 9. Bd2 O-O 10. Rfd1 Ba5 11. a4 h6 $146 ({Predecessor:} 11... Nbd7 12. b4 Bxb4 13. Nxd5 exd5 14. Bxb4 {½-½ (29) Radjabov,T (2738)-Mamedov,R (2657) Berlin 2015}) 12. h3 Nbd7 13. b4 Bc7 14. a5 Re8 15. e4 dxe4 (15... e5 {is more complex.} 16. cxd5 cxd5 17. Rac1 dxe4 18. Nxe4 exd4 19. Nxf6+ Nxf6 20. Qxd4 Rc8) 16. Nxe4 e5 17. dxe5 Nxe5 18. Qxd8 Raxd8 19. Nxf6+ gxf6 20. Nxe5 Bxe5 21. Rab1 Kg7 22. Be1 Kg6 23. Kf1 h5 24. b5 c5 {[%cal Bc6c5,Bc5c4,Bc4c3][%mdl 32]} 25. Rd5 (25. Rxd8 $16 Rxd8 26. bxa6 bxa6 27. Rb6) 25... Rxd5 $11 {The position is equal.} 26. cxd5 {[%mdl 4096] Endgame KRB-KRB} Kf5 27. bxa6 bxa6 28. f3 c4 29. Rb6 Rd8 30. Rxa6 {Hoping for Rc6.} Rxd5 31. Rc6 {[#] Threatens to win with g4+.} c3 $1 {Precision: White = 58%, Black = 80%.} 1/2-1/2

[Event "78th ARM-ch Highest League 2018"]
[Site "Yerevan"]
[Date "2018.01.21"]
[Round "10"]
[White "Sargsyan, Shant"]
[Black "Martirosyan, Haik M"]
[Result "1/2-1/2"]
[WhiteElo "2461"]
[BlackElo "2567"]
[Annotator "TA"]
[PlyCount "49"]
[EventDate "2018.??.??"]
[EventType "tourn"]
[EventCountry "ARM"]
[SourceTitle "playchess.com"]
[Source "ChessBase"]
[SourceQuality "1"]

{[%evp 26,49,24,29,62,21,25,25,26,18,25,26,29,16,17,12,25,19,10,23,42,21,16,18,20,25]} 1. d4 Nf6 2. c4 e6 3. Nf3 d5 4. Nc3 Be7 5. Bf4 O-O 6. Rc1 Nbd7 {[%cal Bb8d7,Bd7f8,Bf8g6][%mdl 32]} 7. cxd5 exd5 8. e3 c6 9. h3 Re8 10. Bd3 Nf8 11. O-O Ng6 {D35: Damengambit (Abtauschvariante)} 12. Bh2 Bd6 13. Bxd6 Qxd6 14. Qc2 {[#] LiveBook: 14 Partien} Ne7 $146 ({Vorgänger:} 14... Re7 15. Rb1 Bd7 16. b4 b6 17. b5 cxb5 18. Bxb5 Bc8 19. Bd3 {½-½ (54) Giri,A (2701)-Nakamura,H (2770) Dortmund 2011}) 15. Rb1 g6 16. b4 a6 17. a4 Bf5 18. Ne5 Nd7 19. Nxd7 {[#] Sc5 ist eine echte Drohung.} Qxd7 20. b5 axb5 21. axb5 Bxd3 22. Qxd3 Nf5 23. bxc6 bxc6 24. Qc2 Qa7 25. Rb2 {Precision: Weiß = 78%, Schwarz = 64%.} 1/2-1/2

[Event "78th ARM-ch Highest League 2018"]
[Site "Yerevan"]
[Date "2018.01.22"]
[Round "11"]
[White "Petrosian, Tigran L."]
[Black "Pashikian, Arman"]
[Result "1/2-1/2"]
[WhiteElo "2601"]
[BlackElo "2578"]
[Annotator "TA"]
[PlyCount "45"]
[EventDate "2018.??.??"]
[EventType "tourn"]
[EventCountry "ARM"]
[SourceTitle "playchess.com"]
[Source "ChessBase"]
[SourceQuality "1"]

{[%evp 28,29,27,27]} 1. e4 e5 2. Nf3 Nc6 3. Bb5 {[%cal Bf1b5,Bb5a4,Ba4b3][%mdl 32]} a6 4. Ba4 Nf6 5. O-O Be7 6. Re1 b5 7. Bb3 d6 8. c3 O-O 9. h3 Nb8 10. d4 Nbd7 11. Nbd2 Bb7 12. Bc2 Re8 13. Nf1 Bf8 14. Ng3 g6 15. a4 {[#] LiveBook: 1295 Games} {Find the theoretical novelty and annotate with similar games:} Nb6 $146 16. a5 Nbd7 17. b3 exd4 18. cxd4 c5 19. d5 Rc8 20. Bf4 Ne5 21. Nxe5 dxe5 22. Bg5 h6 23. Be3 {½-½ (64) Saric,I (2662)-Cheparinov,I (2695) Mali Losinj 2017} 1/2-1/2

[Event "78th ARM-ch Highest League 2018"]
[Site "Yerevan"]
[Date "2018.01.22"]
[Round "11"]
[White "Andriasian, Zaven"]
[Black "Harutyunian, Tigran K."]
[Result "1/2-1/2"]
[WhiteElo "2585"]
[BlackElo "2487"]
[Annotator "TA"]
[PlyCount "39"]
[EventDate "2018.??.??"]
[EventType "tourn"]
[EventCountry "ARM"]
[SourceTitle "playchess.com"]
[Source "ChessBase"]
[SourceQuality "1"]

{[%evp 18,39,18,15,25,27,28,17,10,14,29,33,33,19,33,8,23,23,8,0,0,0,8,0]} 1. Nf3 d5 2. g3 Nf6 3. Bg2 e6 4. c4 Be7 5. O-O O-O 6. d4 dxc4 7. Qc2 a6 8. a4 Bd7 9. Qxc4 Bc6 10. Bg5 h6 {[#] ...Bd5 is the strong threat. E05: Open Catalan: 5 Nf3 Be7} 11. Bxf6 Bxf6 12. Nc3 Bxf3 13. Bxf3 Qxd4 {[#]} 14. Qxc7 $146 ({Predecessor:} 14. Qxd4 Bxd4 15. Bxb7 Ra7 16. Bg2 Nd7 17. Rfd1 c5 18. e3 {½-½ (51) Aronian,L (2805)-Kasimdzhanov,R (2683) Riadh 2017}) 14... Nc6 {[%cal Bb8c6,Bc6a5,Ba5b3][%mdl 32]} 15. Qxb7 Na5 16. Qe4 {[#] Strongly threatening Qxd4.} Rab8 17. Qxd4 Bxd4 18. Rad1 {The position is equal.} Be5 19. Ne4 {aiming for Nc5.} Nb3 20. Nd2 1/2-1/2

[Event "78th ARM-ch Highest League 2018"]
[Site "Yerevan"]
[Date "2018.01.22"]
[Round "11"]
[White "Gabuzyan, Hovhannes"]
[Black "Grigoryan, Karen H."]
[Result "1/2-1/2"]
[WhiteElo "2571"]
[BlackElo "2581"]
[Annotator "TA"]
[PlyCount "32"]
[EventDate "2018.??.??"]
[EventType "tourn"]
[EventCountry "ARM"]
[SourceTitle "playchess.com"]
[Source "ChessBase"]
[SourceQuality "1"]

{[%evp 18,19,0,0]} 1. Nf3 d5 2. g3 g6 3. Bg2 Nf6 4. O-O Bg7 5. c4 c6 6. d4 O-O 7. Qb3 Qb6 8. Nc3 Rd8 9. Rd1 {D78: Fianchetto Grünfeld: 6 0-0 c6} (9. h3 Bf5 10. Bf4 Na6 11. Qxb6 axb6 12. cxd5 Nxd5 13. Nxd5 Rxd5 14. Be5 Bxe5 15. dxe5 Be4 16. Rfd1 Bxf3 17. Bxf3 Rxe5 {0-1 (68) Li,C (2732)-Vachier Lagrave,M (2789) Riadh 2017}) 9... Bf5 10. Ne1 {LiveBook: 42 Games} {Find the theoretical novelty and annotate with similar games:} dxc4 $146 11. Qxc4 Na6 12. e4 Be6 13. Qa4 Qb4 14. Nc2 Qxa4 15. Nxa4 Rd7 16. Be3 Rad8 {½-½ (55) Dreev,A (2652)-Kamsky,G (2676) Bastia 2017} 1/2-1/2

[Event "78th ARM-ch Highest League 2018"]
[Site "Yerevan"]
[Date "2018.01.22"]
[Round "11"]
[White "Martirosyan, Haik M."]
[Black "Hovhannisyan, Robert"]
[Result "1/2-1/2"]
[WhiteElo "2567"]
[BlackElo "2591"]
[Annotator "TA"]
[PlyCount "60"]
[EventDate "2018.??.??"]
[EventType "tourn"]
[EventCountry "ARM"]
[SourceTitle "playchess.com"]
[Source "ChessBase"]
[SourceQuality "1"]

{[%evp 9,60,9,8,14,14,9,23,5,0,-9,6,-3,8,-20,-20,-47,-33,-37,-14,-20,-11,-37,-14,-35,-27,-18,0,-9,-8,-13,-13,-108,-31,-34,0,-39,0,0,0,0,0,-12,94,103,101,91,101,100,244,169,233,112,112]} 1. d4 g6 2. Nf3 Bg7 3. g3 c5 4. c3 Qa5 5. e3 Nf6 6. Bg2 {A40: Unusual replies to 1 d4} O-O 7. Nbd2 $146 ({Predecessor:} 7. O-O d6 8. Nbd2 Nc6 9. d5 Nb8 10. e4 b5 11. e5 dxe5 12. Nxe5 Bb7 13. Nb3 Qc7 14. Ng4 Nxg4 15. Qxg4 Nd7 {1-0 (42) Fridman,D (2604)-Degraeve,J (2551) Germany 2007}) 7... Qc7 8. O-O {White has an edge.} d5 9. Ne5 Rd8 10. f4 b6 11. g4 Nc6 {White should prevent ...Nxe5.} 12. h3 Bb7 13. b3 e6 14. Bb2 Ne7 15. a4 a5 16. Re1 Rac8 17. Qe2 Qb8 18. Qf2 Ne8 {[%cal Bf6e8,Be8d6,Bd6e4][%mdl 32]} 19. h4 Nd6 20. Kh1 (20. Qg3 $11 {remains equal.}) 20... Qa8 (20... f6 $17 21. dxc5 bxc5) 21. h5 f6 22. Nef3 {[%cal Be5f3,Bf3d2,Bd2e4,Be4g5,Bg5e6][%mdl 32]} Ne4 23. Nxe4 dxe4 24. Nd2 cxd4 25. exd4 Nd5 (25... gxh5 $11 {keeps the balance.} 26. gxh5 f5) 26. Nxe4 $16 f5 {[#]} 27. Ng5 $1 {[%cal Rg5e6]} Nxc3 28. hxg6 h6 (28... Bxd4 $16 29. gxh7+ Kh8 30. Nf7+ Kg7 31. Nxd8 Bxf2 32. Bxb7 Qb8 33. Bxc8 (33. Rxe6 Rxd8 34. Bxc3+ Bd4 $14) (33. Nxe6+ Kh8 $11) 33... Qa8+ 34. Bb7 Qxd8 35. Bxc3+ Kxh7) 29. Nxe6 $18 Ne4 30. Rxe4 (30. Qh4 $18 {is the precise move to win. Threatening mate with Qe7.} Rc2 31. Nxd8 (31. Qxd8+ Qxd8 32. Nxd8 Ng3+ 33. Kh2 Rxg2+ 34. Kh3 fxg4+ 35. Kxg4 Ne2+ 36. Kf5 Bd5 $17) 31... Ng3+ 32. Qxg3 Bxg2+ 33. Kg1 Qxd8 34. Rab1) 30... Bxe4 {Precision: White = 35%, Black = 44%.} 1/2-1/2

[Event "78th ARM-ch Highest League 2018"]
[Site "Yerevan"]
[Date "2018.01.22"]
[Round "11"]
[White "Ter-Sahakyan, Samvel"]
[Black "Sargsyan, Shant"]
[Result "0-1"]
[WhiteElo "2563"]
[BlackElo "2461"]
[Annotator "TA"]
[PlyCount "62"]
[EventDate "2018.??.??"]
[EventType "tourn"]
[EventCountry "ARM"]
[SourceTitle "playchess.com"]
[Source "ChessBase"]
[SourceQuality "1"]

{[%evp 31,62,0,0,0,0,-54,-36,-66,-42,-60,-8,-8,-4,-6,-13,-5,0,-12,-13,-12,-22,-23,-7,-82,-40,-193,-181,-1108,-1118,-29977,-6519,-2642,-2579]} 1. e4 e5 2. Nf3 Nc6 3. Bb5 a6 4. Ba4 Nf6 5. O-O Nxe4 6. d4 b5 7. Bb3 d5 8. dxe5 Be6 9. c3 Bc5 10. Nbd2 O-O 11. Bc2 Nxf2 12. Rxf2 f6 13. exf6 Bxf2+ 14. Kxf2 Qxf6 15. Kg1 Rae8 16. Qf1 Bf5 {LiveBook: 3 Games. C82: Open Ruy Lopez: 9 c3 without 9...Be7} 17. Bxf5 Qxf5 18. Nb3 ({Better is} 18. b3 $11) (18. a4 bxa4 19. Rxa4 a5 20. Nb3 Qc2 21. Ra3 Ne5 22. Nbd4 Qg6 23. Qd1 Nd3 24. h3 c5 {½-½ (24) Macovei,A (2352)-Morozov,N (2437) Anogia 2017}) 18... Qc2 $146 {[%mdl 1024] Black is slightly better. Black has compensation.} ({Find the theoretical novelty and annotate with similar games:} 18... Ne5 19. Nbd4 Nxf3+ 20. Nxf3 Qc2 21. Bd2 Rxf3 22. Qxf3 Qxd2 23. Rf1 Qe3+ 24. Qxe3 Rxe3 {0-1 (52) Muller,A (2115)-Cruz Lopez Claret,C (2240) France 1998}) 19. h3 h6 20. Kh1 Kh8 (20... a5 $15) 21. Qg1 $11 Rf6 22. Bd2 Qxb2 23. Re1 Ref8 24. Nbd4 Nxd4 25. Qxd4 Qxa2 26. Re7 Qc4 27. Be3 (27. Qe5 $1 $11) 27... a5 28. Qe5 $2 (28. Ne5 $15 Qxd4 29. Bxd4) 28... Rg6 $1 $19 {( -> ...Qf1+)} 29. Bg1 $2 {[#]} (29. Ng1 Qe4 30. Qxe4 dxe4 31. Rxc7) 29... Rxf3 $1 {[%mdl 512]} 30. Rxc7 {[#]} (30. gxf3 Qf1) 30... Rxh3+ (30... Qf1 $142 $1 {[%mdl 512]} 31. Qe8+ Kh7 32. Qxg6+ Kxg6 33. gxf3 Qxh3+ 34. Bh2 Qf1+ 35. Bg1 Qxf3+ 36. Kh2 Qf4+ 37. Kg2 Qxc7 38. c4 dxc4 39. Be3 a4 40. Bc1 b4 41. Bd2 a3 42. Be3 c3 43. Kf3 a2 44. Bf4 Qc6+ 45. Kg3 a1=Q 46. Bc1 Qxc1 47. Kf2 b3 48. Kg3 Qg1+ 49. Kh4 Qch1#) 31. gxh3 Qf1 {Precision: White = 28%, Black = 83%.} 0-1